[Event "41 Abierto Ciudad de Sevilla 2016"]
[Site "Sevilla ESP"]
[Date "2016.01.10"]
[Round "3.11"]
[White "Teran Alvarez, Ismael"]
[Black "Kharmunova, Nadezhda"]
[Result "1-0"]
[WhiteElo "2416"]
[BlackElo "2132"]
[PlyCount "85"]
[EventDate "2016.01.08"]
[EventType "swiss"]
[EventRounds "9"]
[EventCountry "ESP"]
[Source "lmi"]
[SourceDate "2016.01.08"]

1. e4 c6 2. d4 d5 3. e5 Bf5 4. h4 h6 5. g4 Bh7 6. e6 fxe6 7. Bd3 e5 8. Bxh7
Rxh7 9. dxe5 e6 10. Qd3 Rh8 11. Qg6+ Kd7 12. c4 Ne7 13. Qc2 Qa5+ 14. Bd2 Qc5
15. Na3 dxc4 16. O-O-O Nd5 17. f4 b5 18. f5 Kc8 19. Rh3 c3 20. Bxc3 Ne3 21.
Rxe3 Qxe3+ 22. Kb1 Qc5 23. b4 Qe7 24. Nf3 a5 25. f6 Qf7 26. Bb2 Kb7 27. Qe4 Nd7
28. Nd4 Rc8 29. Ndxb5 gxf6 30. Nc4 Qh7 31. Nbd6+ Kc7 32. Qxh7 Rxh7 33. Nxc8
Kxc8 34. exf6 axb4 35. g5 hxg5 36. hxg5 Rh4 37. g6 Rxc4 38. g7 Bxg7 39. fxg7
Rg4 40. Rh1 Kb7 41. Rh8 Rg1+ 42. Kc2 Rg2+ 43. Kd1 1-0

[Event "41 Abierto Ciudad de Sevilla 2016"]
[Site "Sevilla ESP"]
[Date "2016.01.10"]
[Round "3.12"]
[White "Carrabeo Garcia, Manuel"]
[Black "Granero Roca, Antonio"]
[Result "0-1"]
[WhiteElo "2118"]
[BlackElo "2410"]
[PlyCount "100"]
[EventDate "2016.01.08"]
[EventType "swiss"]
[EventRounds "9"]
[EventCountry "ESP"]
[Source "lmi"]
[SourceDate "2016.01.08"]

1. d4 Nf6 2. Nf3 g6 3. g3 Bg7 4. Bg2 O-O 5. O-O d6 6. Nc3 c6 7. e4 Bg4 8. h3
Bxf3 9. Bxf3 Nbd7 10. a4 Qc7 11. Bg2 e5 12. dxe5 dxe5 13. b3 Rfd8 14. Bb2 Nc5
15. Qe2 Ne6 16. Na2 Nd7 17. Nc1 Ndc5 18. b4 Nd7 19. Nd3 a5 20. f4 axb4 21. f5
Nd4 22. Bxd4 exd4 23. fxg6 hxg6 24. Rf3 Qd6 25. Raf1 Rf8 26. h4 Rae8 27. h5 Bh6
28. hxg6 fxg6 29. Bh3 Rxf3 30. Qxf3 Rf8 31. Qg4 Be3+ 32. Kg2 Rxf1 33. Kxf1 Nf8
34. e5 Qe7 35. e6 Kg7 36. Nf4 Bxf4 37. gxf4 Qf6 38. Ke2 d3+ 39. cxd3 b3 40. f5
Qe5+ 41. Kd2 Qb2+ 42. Ke3 Qc1+ 43. Kd4 Qa1+ 44. Ke3 Qe1+ 45. Kd4 Qb4+ 46. Ke5
Qc5+ 47. Ke4 Qxf5+ 48. Qxf5 gxf5+ 49. Ke5 b2 50. e7 Ng6+ 0-1

[Event "41 Abierto Ciudad de Sevilla 2016"]
[Site "Sevilla ESP"]
[Date "2016.01.10"]
[Round "3.13"]
[White "Satyapragyan, Swayangsu"]
[Black "Martin Macias, Daniel"]
[Result "1-0"]
[WhiteElo "2410"]
[BlackElo "2104"]
[PlyCount "79"]
[EventDate "2016.01.08"]
[EventType "swiss"]
[EventRounds "9"]
[EventCountry "ESP"]
[Source "lmi"]
[SourceDate "2016.01.08"]

1. e4 c5 2. Nf3 Nc6 3. Bb5 g6 4. Bxc6 bxc6 5. O-O Bg7 6. Re1 e5 7. b4 cxb4 8.
a3 b3 9. cxb3 Ne7 10. Bb2 d6 11. d4 Qc7 12. dxe5 dxe5 13. Nbd2 O-O 14. Qc2 a5
15. a4 f6 16. Ba3 Be6 17. Nc4 Rfd8 18. Red1 c5 19. Qc3 Nc6 20. Bxc5 Bf8 21.
Rxd8 Qxd8 22. Bxf8 Kxf8 23. h3 Rc8 24. Kh2 Nb4 25. Nfd2 Nc6 26. Rf1 Nd4 27. Qe3
g5 28. Rc1 h5 29. Nf3 Nxf3+ 30. Qxf3 g4 31. Qg3 Bxc4 32. bxc4 Qd2 33. Rc3 Qf4
34. Qxf4 exf4 35. hxg4 hxg4 36. f3 gxf3 37. gxf3 Ke7 38. Kh3 Ke6 39. c5 Rc6 40.
Kg4 1-0

[Event "41 Abierto Ciudad de Sevilla 2016"]
[Site "Sevilla ESP"]
[Date "2016.01.10"]
[Round "3.14"]
[White "Ortega Valle, Jose Ramon"]
[Black "Sarkar, Justin"]
[Result "0-1"]
[WhiteElo "2078"]
[BlackElo "2407"]
[PlyCount "66"]
[EventDate "2016.01.08"]
[EventType "swiss"]
[EventRounds "9"]
[EventCountry "ESP"]
[Source "lmi"]
[SourceDate "2016.01.08"]

1. Nf3 d5 2. g3 c6 3. Bg2 Bg4 4. d3 Nd7 5. Nbd2 e6 6. O-O Bd6 7. Qe1 Ne7 8. e4
O-O 9. h3 Bh5 10. e5 Bc7 11. b3 c5 12. g4 Bg6 13. Bb2 Nc6 14. Qe2 Re8 15. Rfe1
Rb8 16. a4 a6 17. Nf1 d4 18. Bc1 Ncxe5 19. Nxe5 Nxe5 20. f4 Nc6 21. h4 f5 22.
h5 Bf7 23. Ng3 Qh4 24. Kf2 e5 25. Rh1 Qxg3+ 26. Kxg3 exf4+ 27. Kf2 Rxe2+ 28.
Kxe2 fxg4 29. Be4 Nb4 30. Bxf4 Bxf4 31. Raf1 Nd5 32. h6 Nc3+ 33. Ke1 g3 0-1

[Event "41 Abierto Ciudad de Sevilla 2016"]
[Site "Sevilla ESP"]
[Date "2016.01.10"]
[Round "3.15"]
[White "Komljenovic, Davor"]
[Black "Diaz Castro, Ismael"]
[Result "1-0"]
[WhiteElo "2394"]
[BlackElo "2071"]
[PlyCount "94"]
[EventDate "2016.01.08"]
[EventType "swiss"]
[EventRounds "9"]
[EventCountry "ESP"]
[Source "lmi"]
[SourceDate "2016.01.08"]

1. Nf3 Nf6 2. c4 g6 3. Nc3 Bg7 4. e4 d6 5. d4 O-O 6. Be2 e5 7. O-O Nc6 8. d5
Ne7 9. b4 a5 10. Ba3 axb4 11. Bxb4 Nd7 12. a4 f5 13. Nd2 fxe4 14. Ndxe4 b6 15.
a5 Nc5 16. axb6 Rxa1 17. Qxa1 cxb6 18. Bxc5 bxc5 19. Nb5 Nf5 20. Bg4 Qh4 21. f3
Bh6 22. g3 Be3+ 23. Kg2 Qh6 24. Bxf5 Bxf5 25. h4 Bd4 26. Nxd4 Bxe4 27. Ne6 Qd2+
28. Kg1 Qe3+ 29. Rf2 Rb8 30. fxe4 Qxg3+ 31. Rg2 Qe3+ 32. Kh2 Qxe4 33. Ng5 Qf4+
34. Kg1 Qxc4 35. h5 Qd3 36. Kh2 Qxd5 37. h6 Qc4 38. Nh3 Rf8 39. Qa7 Qf7 40. Qb6
Qd5 41. Qc7 Rf7 42. Qd8+ Rf8 43. Qg5 Qd4 44. Qe7 e4 45. Ng5 Qe5+ 46. Qxe5 dxe5
47. Re2 e3 1-0

[Event "41 Abierto Ciudad de Sevilla 2016"]
[Site "Sevilla ESP"]
[Date "2016.01.10"]
[Round "3.16"]
[White "Morales Araujo, Francisco Javi"]
[Black "Montero Melendez, Rafael"]
[Result "0-1"]
[WhiteElo "2070"]
[BlackElo "2373"]
[PlyCount "62"]
[EventDate "2016.01.08"]
[EventType "swiss"]
[EventRounds "9"]
[EventCountry "ESP"]
[Source "lmi"]
[SourceDate "2016.01.08"]

1. f4 g6 2. Nf3 Bg7 3. c3 c5 4. d3 Nc6 5. e4 d6 6. g3 e5 7. Bg2 Nge7 8. Be3 b6
9. Nbd2 O-O 10. Qe2 exf4 11. gxf4 d5 12. Bf2 Ba6 13. e5 f6 14. e6 Qd6 15. Bh3
Qxf4 16. Bg3 Qh6 17. Bg2 Nf5 18. O-O Qe3+ 19. Rf2 Bxd3 20. Qxe3 Nxe3 21. Bh3
Bf5 22. Bxf5 Nxf5 23. Re1 Rfe8 24. Rfe2 Nxg3 25. hxg3 Ne5 26. Nxe5 fxe5 27. Nf3
Rxe6 28. Rd1 Rd8 29. g4 b5 30. Ng5 Ree8 31. Rf1 h6 0-1

[Event "41 Abierto Ciudad de Sevilla 2016"]
[Site "Sevilla ESP"]
[Date "2016.01.10"]
[Round "3.17"]
[White "Del Campo Gomez, Jose Luis"]
[Black "Ladron De Guevara Pinto, Paolo"]
[Result "1/2-1/2"]
[WhiteElo "2065"]
[BlackElo "2348"]
[PlyCount "70"]
[EventDate "2016.01.08"]
[EventType "swiss"]
[EventRounds "9"]
[EventCountry "ESP"]
[Source "lmi"]
[SourceDate "2016.01.08"]

1. d4 Nf6 2. c4 g6 3. Nc3 Bg7 4. e4 d6 5. f4 c5 6. d5 O-O 7. Nf3 e6 8. Be2 exd5
9. exd5 Bf5 10. O-O Ne4 11. Nxe4 Bxe4 12. Ng5 Bf5 13. g4 Bc8 14. f5 Nd7 15. Qd3
Qf6 16. Qh3 h6 17. fxg6 Qxg6 18. Bd3 Bd4+ 19. Kh1 Qg7 20. Nh7 Nf6 21. Nxf6+
Bxf6 22. Bxh6 Qh8 23. Rxf6 Qxf6 24. Rf1 Qd4 25. Bxf8 Kxf8 26. Qh6+ Ke8 27. Qh7
Qxg4 28. Qxf7+ Kd8 29. Re1 Bd7 30. Qf8+ Kc7 31. Qxa8 Qf3+ 32. Kg1 Qg4+ 33. Kf2
Qf4+ 34. Kg1 Qg4+ 35. Kf2 Qf4+ 1/2-1/2

[Event "41 Abierto Ciudad de Sevilla 2016"]
[Site "Sevilla ESP"]
[Date "2016.01.10"]
[Round "3.18"]
[White "Espinoza Palomino, Willyam"]
[Black "Gentes Benito, Mauricio"]
[Result "1-0"]
[WhiteElo "2342"]
[BlackElo "1963"]
[PlyCount "81"]
[EventDate "2016.01.08"]
[EventType "swiss"]
[EventRounds "9"]
[EventCountry "ESP"]
[Source "lmi"]
[SourceDate "2016.01.08"]

1. e4 c5 2. Nf3 e6 3. d4 cxd4 4. Nxd4 a6 5. Bd3 Qc7 6. O-O Nc6 7. Nxc6 dxc6 8.
Nd2 Nf6 9. a4 e5 10. Nc4 Be6 11. Qf3 Be7 12. Be3 Nd7 13. a5 O-O 14. Qg3 Kh8 15.
f4 Bxc4 16. Bxc4 Bc5 17. Bxc5 Nxc5 18. fxe5 Rae8 19. e6 Qxg3 20. hxg3 Nxe6 21.
Rad1 Ng5 22. Rd7 Rxe4 23. Bxf7 Rb4 24. Bc4 Rxf1+ 25. Kxf1 g6 26. b3 Ne4 27. Ke2
b5 28. axb6 Rxb6 29. Ke3 Nf6 30. Ra7 c5 31. Rxa6 Rxa6 32. Bxa6 Kg8 33. Kd3 Kf7
34. Kc4 Ke6 35. Kxc5 Nd7+ 36. Kd4 Kd6 37. b4 Ne5 38. Bb7 Nd7 39. c4 Kc7 40. Bf3
h5 41. c5 1-0

[Event "41 Abierto Ciudad de Sevilla 2016"]
[Site "Sevilla ESP"]
[Date "2016.01.10"]
[Round "3.19"]
[White "Arias Castanedo, Jacinto"]
[Black "Pogorelov, Ruslan"]
[Result "0-1"]
[WhiteElo "1863"]
[BlackElo "2336"]
[PlyCount "52"]
[EventDate "2016.01.08"]
[EventType "swiss"]
[EventRounds "9"]
[EventCountry "ESP"]
[Source "lmi"]
[SourceDate "2016.01.08"]

1. d4 Nf6 2. Nf3 e6 3. c4 b6 4. a3 Ba6 5. e3 c5 6. dxc5 bxc5 7. Nc3 Bb7 8. Qb3
Bxf3 9. gxf3 Nc6 10. Be2 Be7 11. O-O O-O 12. Qc2 d5 13. cxd5 exd5 14. Rd1 d4
15. f4 Qc8 16. Ne4 Qf5 17. Nxf6+ Qxf6 18. Bf3 Rac8 19. Bg2 Rfd8 20. e4 d3 21.
Rxd3 Nd4 22. Qd1 c4 23. Rxd4 Rxd4 24. Qc2 Rcd8 25. f5 Bd6 26. f4 Bc5 0-1

[Event "41 Abierto Ciudad de Sevilla 2016"]
[Site "Sevilla ESP"]
[Date "2016.01.10"]
[Round "3.20"]
[White "Corbalan Gomez, Juan Jose"]
[Black "Juidiaz Hernandez, Antonio Lui"]
[Result "1-0"]
[WhiteElo "2274"]
[BlackElo "1835"]
[PlyCount "113"]
[EventDate "2016.01.08"]
[EventType "swiss"]
[EventRounds "9"]
[EventCountry "ESP"]
[Source "lmi"]
[SourceDate "2016.01.08"]

1. e4 c5 2. Nf3 d6 3. d4 cxd4 4. Nxd4 Nf6 5. Nc3 g6 6. Be3 Bg7 7. f3 O-O 8. Bc4
Nc6 9. Qd2 a6 10. O-O-O Nxd4 11. Bxd4 b5 12. Bb3 Bb7 13. h4 e6 14. h5 e5 15.
Be3 Nxh5 16. g4 Nf4 17. Qh2 h6 18. Ne2 Nxe2+ 19. Qxe2 g5 20. Rd2 Qf6 21. Rhd1
Rfd8 22. Kb1 Bc6 23. Rd3 b4 24. Bb6 Rd7 25. Bc5 Bb5 26. Bxb4 Bxd3 27. Rxd3 a5
28. Bd5 Raa7 29. Bd2 Bf8 30. Be3 Qd8 31. Bxa7 Rxa7 32. Qe3 Qb8 33. Rb3 Qc7 34.
Rb5 a4 35. a3 Qd7 36. Qb6 Be7 37. Bc6 Qc7 38. Qxc7 Rxc7 39. Rb6 Ra7 40. Rb4 d5
41. Rb8+ Kg7 42. Bxd5 Bc5 43. Ra8 Rxa8 44. Bxa8 h5 45. gxh5 Kh6 46. Bd5 Kxh5
47. Bxf7+ Kh4 48. Kc1 Kg3 49. Bh5 Kf2 50. Kd2 Bd4 51. b3 Bb2 52. bxa4 Bxa3 53.
Kd3 Ke1 54. a5 Kf2 55. a6 Bc5 56. Kc4 Bd4 57. Kd5 1-0

[Event "41 Abierto Ciudad de Sevilla 2016"]
[Site "Sevilla ESP"]
[Date "2016.01.11"]
[Round "4.1"]
[White "Granero Roca, Antonio"]
[Black "Vorobiov, Evgeny E"]
[Result "1/2-1/2"]
[WhiteElo "2410"]
[BlackElo "2572"]
[PlyCount "36"]
[EventDate "2016.01.08"]
[EventType "swiss"]
[EventRounds "9"]
[EventCountry "ESP"]
[Source "lmi"]
[SourceDate "2016.01.08"]

1. d4 Nf6 2. c4 g6 3. Nc3 d5 4. cxd5 Nxd5 5. Bd2 Nb6 6. Nf3 Bg7 7. Bf4 O-O 8.
e3 c5 9. dxc5 N6d7 10. Bc4 Nxc5 11. O-O Be6 12. Qe2 Bxc4 13. Qxc4 Nd3 14. Bg3
Na6 15. Nd4 e5 16. Qxd3 exd4 17. exd4 Qxd4 18. Qf3 Qb6 1/2-1/2

[Event "41 Abierto Ciudad de Sevilla 2016"]
[Site "Sevilla ESP"]
[Date "2016.01.11"]
[Round "4.2"]
[White "Kogan, Arthur"]
[Black "Satyapragyan, Swayangsu"]
[Result "0-1"]
[WhiteElo "2540"]
[BlackElo "2410"]
[PlyCount "94"]
[EventDate "2016.01.08"]
[EventType "swiss"]
[EventRounds "9"]
[EventCountry "ESP"]
[Source "lmi"]
[SourceDate "2016.01.08"]

1. e4 e6 2. d4 d5 3. Nc3 Nf6 4. e5 Nfd7 5. f4 c5 6. Nf3 Nc6 7. Be3 Be7 8. Qd2
b6 9. Bb5 Bb7 10. Ne2 a6 11. Bxc6 Bxc6 12. O-O-O c4 13. f5 exf5 14. e6 fxe6 15.
Nf4 Nf8 16. Ne5 Qc7 17. Nh5 Rg8 18. Bg5 c3 19. bxc3 Bb5 20. h4 O-O-O 21. Rde1
Kb7 22. Rh3 Rc8 23. Bxe7 Qxe7 24. Qg5 Qa3+ 25. Kd2 h6 26. Qg3 Rc7 27. Qf3 Nh7
28. Rg3 g5 29. Nf4 gxf4 30. Rxg8 Nf6 31. c4 Qb4+ 32. Kd1 Qb1+ 33. Kd2 Qb4+ 34.
Kd1 Bxc4 35. Rg6 Bb5 36. c4 Qb2 37. Qb3 Qxd4+ 38. Qd3 Ba4+ 39. Ke2 Qxe5+ 40.
Kf1 dxc4 41. Qf3+ Ne4 42. Rg8 c3 43. Kg1 c2 44. Rc1 Qd4+ 45. Kh2 Qd2 46. Qa3 f3
47. Rg3 Qf4 0-1

[Event "41 Abierto Ciudad de Sevilla 2016"]
[Site "Sevilla ESP"]
[Date "2016.01.11"]
[Round "4.3"]
[White "Sarkar, Justin"]
[Black "Burmakin, Vladimir"]
[Result "0-1"]
[WhiteElo "2407"]
[BlackElo "2539"]
[PlyCount "82"]
[EventDate "2016.01.08"]
[EventType "swiss"]
[EventRounds "9"]
[EventCountry "ESP"]
[Source "lmi"]
[SourceDate "2016.01.08"]

1. e4 c6 2. d4 d5 3. e5 Bf5 4. Nd2 e6 5. Nb3 Nd7 6. Nf3 Ne7 7. Be2 Nc8 8. a4
Ncb6 9. Bd2 Be7 10. O-O O-O 11. Bc3 Bg6 12. a5 Nc8 13. Ne1 c5 14. Nxc5 Nxc5 15.
dxc5 Bxc5 16. Nd3 Qc7 17. Nxc5 Qxc5 18. Qd2 Rd8 19. Bd4 Qc7 20. b4 Ne7 21. b5
Rdc8 22. Rfc1 a6 23. c4 dxc4 24. Rxc4 Qd7 25. Rxc8+ Rxc8 26. bxa6 bxa6 27. Bxa6
Rd8 28. Qb2 Qxd4 29. Qxd4 Rxd4 30. Bb7 Bd3 31. Rd1 g5 32. h4 Rb4 33. Rxd3 Rxb7
34. Ra3 Ra7 35. a6 g4 36. Kh2 h5 37. Kg3 Nd5 38. f3 gxf3 39. Kxf3 Nc7 40. Rc3
Nxa6 41. Ra3 Ra8 0-1

[Event "41 Abierto Ciudad de Sevilla 2016"]
[Site "Sevilla ESP"]
[Date "2016.01.11"]
[Round "4.4"]
[White "Komljenovic, Davor"]
[Black "Sundararajan, Kidambi"]
[Result "0-1"]
[WhiteElo "2394"]
[BlackElo "2508"]
[PlyCount "100"]
[EventDate "2016.01.08"]
[EventType "swiss"]
[EventRounds "9"]
[EventCountry "ESP"]
[Source "lmi"]
[SourceDate "2016.01.08"]

1. Nf3 Nf6 2. g3 g6 3. b3 Bg7 4. Bb2 O-O 5. Bg2 d6 6. d4 e5 7. dxe5 Ng4 8. Nc3
Nxe5 9. Nxe5 Bxe5 10. Qd2 Nd7 11. O-O-O Nc5 12. e4 a5 13. f4 Bg7 14. a3 Be6 15.
Kb1 a4 16. b4 Nd7 17. Nd5 Bxb2 18. Kxb2 c5 19. Ne3 Qf6+ 20. Kb1 cxb4 21. Qxb4
Ra6 22. Qd4 Rb6+ 23. Kc1 Rc8 24. Qxf6 Nxf6 25. Rd4 Rb3 26. Kd2 Rbc3 27. Rxd6
Ng4 28. Rd3 R3c5 29. Rc1 Nxh2 30. e5 b5 31. Bd5 Bxd5 32. Nxd5 Kg7 33. Nf6 h5
34. Ne4 R5c6 35. Nd6 Rb8 36. Rb1 Rcb6 37. Rd5 b4 38. axb4 Rxb4 39. Rxb4 Rxb4
40. Ra5 h4 41. Ra7 hxg3 42. Rxf7+ Kh6 43. Ke2 Rb1 44. Ne4 g2 45. Nf6 g5 46. f5
g4 47. Rh7+ Kg5 48. Rxh2 g1=Q 49. Rh5+ Kf4 50. e6 Qe3# 0-1

[Event "41 Abierto Ciudad de Sevilla 2016"]
[Site "Sevilla ESP"]
[Date "2016.01.11"]
[Round "4.5"]
[White "Fernandez Romero, Ernesto"]
[Black "Espinoza Palomino, Willyam"]
[Result "1/2-1/2"]
[WhiteElo "2475"]
[BlackElo "2342"]
[PlyCount "65"]
[EventDate "2016.01.08"]
[EventType "swiss"]
[EventRounds "9"]
[EventCountry "ESP"]
[Source "lmi"]
[SourceDate "2016.01.08"]

1. e4 e5 2. Nf3 Nc6 3. Bb5 a6 4. Ba4 Nf6 5. O-O Be7 6. Re1 b5 7. Bb3 d6 8. c3
O-O 9. h3 Na5 10. Bc2 c5 11. d4 Qc7 12. Nbd2 cxd4 13. cxd4 Rd8 14. d5 Bd7 15.
Nf1 Rdc8 16. Bb1 Nb7 17. Ng3 Nc5 18. Be3 a5 19. Qd2 Bd8 20. Bc2 Qa7 21. b3 Bb6
22. Nh4 g6 23. Rac1 Na6 24. Bxb6 Qxb6 25. Nhf5 Bxf5 26. Nxf5 Qd8 27. Nh6+ Kg7
28. Bd3 Rxc1 29. Qxc1 Nc5 30. Bb1 Rc8 31. Qd2 b4 32. g3 Ncd7 33. Ng4 1/2-1/2

[Event "41 Abierto Ciudad de Sevilla 2016"]
[Site "Sevilla ESP"]
[Date "2016.01.11"]
[Round "4.6"]
[White "Montero Melendez, Rafael"]
[Black "Lei, Tingjie"]
[Result "1/2-1/2"]
[WhiteElo "2373"]
[BlackElo "2474"]
[PlyCount "107"]
[EventDate "2016.01.08"]
[EventType "swiss"]
[EventRounds "9"]
[EventCountry "ESP"]
[Source "lmi"]
[SourceDate "2016.01.08"]

1. c4 g6 2. g3 c5 3. Bg2 Bg7 4. Nc3 Nc6 5. Nf3 d6 6. O-O e6 7. d3 Nge7 8. Bg5
h6 9. Bd2 O-O 10. Qc1 Kh7 11. a3 Qd7 12. Rb1 b6 13. b4 Bb7 14. e3 Rfd8 15. Rd1
Rac8 16. Qc2 Nf5 17. Qa4 Ba8 18. Be1 Qe7 19. Nb5 Rd7 20. d4 cxd4 21. e4 Ne5 22.
Nxe5 dxe5 23. exf5 Bxg2 24. fxg6+ Kxg6 25. Kxg2 Rxc4 26. Rbc1 Rxc1 27. Rxc1 e4
28. Bd2 Qf6 29. Bf4 e5 30. Nc7 Qf5 31. Qc6+ Kh7 32. Bd2 Re7 33. Kg1 Bf8 34. Nd5
Re6 35. Qc8 Bg7 36. Nc7 e3 37. Be1 exf2+ 38. Bxf2 Rf6 39. Qxf5+ Rxf5 40. Nb5 a6
41. Nd6 Rf3 42. Ra1 Kg6 43. Kg2 Rc3 44. g4 Rc2 45. h3 Bf8 46. Nf5 a5 47. bxa5
bxa5 48. a4 Bc5 49. Kf3 e4+ 50. Kg3 Rc3+ 51. Kh2 Rc2 52. Kg3 Rc3+ 53. Kg2 Rc2
54. Kg3 1/2-1/2

[Event "41 Abierto Ciudad de Sevilla 2016"]
[Site "Sevilla ESP"]
[Date "2016.01.11"]
[Round "4.7"]
[White "Perez Mitjans, Orelvis"]
[Black "Corbalan Gomez, Juan Jose"]
[Result "1-0"]
[WhiteElo "2455"]
[BlackElo "2274"]
[PlyCount "51"]
[EventDate "2016.01.08"]
[EventType "swiss"]
[EventRounds "9"]
[EventCountry "ESP"]
[Source "lmi"]
[SourceDate "2016.01.08"]

1. e4 c5 2. Nf3 Nc6 3. Bb5 g6 4. O-O Bg7 5. c3 Nf6 6. Qa4 O-O 7. d4 cxd4 8.
cxd4 d5 9. e5 Nd7 10. Bxc6 Nb6 11. Qa5 bxc6 12. b3 Nd7 13. Qc3 c5 14. dxc5 Qc7
15. Re1 f6 16. Qd2 fxe5 17. Qxd5+ e6 18. Qxe6+ Kh8 19. Bb2 Nxc5 20. Qxe5 Bxe5
21. Bxe5+ Qxe5 22. Rxe5 Nd3 23. Re7 Bf5 24. Nc3 Rac8 25. Nd5 Rc5 26. Ne3 1-0

[Event "41 Abierto Ciudad de Sevilla 2016"]
[Site "Sevilla ESP"]
[Date "2016.01.11"]
[Round "4.8"]
[White "Pogorelov, Ruslan"]
[Black "Paunovic, Dragan"]
[Result "1/2-1/2"]
[WhiteElo "2336"]
[BlackElo "2432"]
[PlyCount "88"]
[EventDate "2016.01.08"]
[EventType "swiss"]
[EventRounds "9"]
[EventCountry "ESP"]
[Source "lmi"]
[SourceDate "2016.01.08"]

1. Nf3 g6 2. d4 Bg7 3. e4 d6 4. c4 Bg4 5. Be2 Nc6 6. Be3 e5 7. d5 Bxf3 8. Bxf3
Nd4 9. Bxd4 exd4 10. Nd2 Ne7 11. O-O c5 12. dxc6 Nxc6 13. g3 O-O 14. Bg2 a5 15.
Rb1 a4 16. f4 Qa5 17. Kh1 Qc5 18. Rf3 Rfe8 19. Bf1 f5 20. exf5 gxf5 21. a3 Re3
22. Bd3 Kh8 23. Qc2 Ne7 24. Rxe3 dxe3 25. Nf3 h6 26. Nh4 d5 27. Nxf5 Nxf5 28.
Bxf5 dxc4 29. Be4 Re8 30. Re1 b5 31. Re2 Qd4 32. Bg6 Re6 33. Bf5 Rf6 34. Be4
Rb6 35. Kg2 b4 36. axb4 Rxb4 37. Bf3 Rxb2 38. Qxa4 Rb8 39. Qc6 c3 40. Be4 Rd8
41. Qg6 Kg8 42. Qe6+ Kh8 43. Qg6 Kg8 44. Qe6+ Kh8 1/2-1/2

[Event "41 Abierto Ciudad de Sevilla 2016"]
[Site "Sevilla ESP"]
[Date "2016.01.11"]
[Round "4.9"]
[White "Perera Borrego, Mariela"]
[Black "Teran Alvarez, Ismael"]
[Result "0-1"]
[WhiteElo "2173"]
[BlackElo "2416"]
[PlyCount "62"]
[EventDate "2016.01.08"]
[EventType "swiss"]
[EventRounds "9"]
[EventCountry "ESP"]
[Source "lmi"]
[SourceDate "2016.01.08"]

1. d4 Nf6 2. Nf3 e6 3. g3 b6 4. Bg2 Bb7 5. O-O c5 6. c3 Be7 7. Bf4 d6 8. Re1
O-O 9. Nbd2 cxd4 10. cxd4 Nd5 11. e4 Nxf4 12. gxf4 Nd7 13. e5 Re8 14. Ne4 Nf8
15. Ng3 Ng6 16. Qd2 dxe5 17. fxe5 Rc8 18. a3 Rc7 19. Ne4 Qd7 20. h4 h5 21. Rad1
Rf8 22. Qe3 Rc2 23. Rd2 Bxe4 24. Qxe4 Rxd2 25. Nxd2 Nxh4 26. Bh3 Rd8 27. Nb3 a5
28. Rd1 Qb5 29. Rd3 a4 30. Nd2 Qxb2 31. f4 Rxd4 0-1

[Event "41 Abierto Ciudad de Sevilla 2016"]
[Site "Sevilla ESP"]
[Date "2016.01.11"]
[Round "4.10"]
[White "Ladron De Guevara Pinto, Paolo"]
[Black "Hernandez Muã<->oz, Antonio Ramon"]
[Result "1-0"]
[WhiteElo "2348"]
[BlackElo "2154"]
[PlyCount "83"]
[EventDate "2016.01.08"]
[EventType "swiss"]
[EventRounds "9"]
[EventCountry "ESP"]
[Source "lmi"]
[SourceDate "2016.01.08"]

1. e4 c5 2. Nf3 d6 3. d4 cxd4 4. Nxd4 Nf6 5. Nc3 a6 6. f4 e5 7. Nf3 Qc7 8. Bd3
Nbd7 9. O-O Be7 10. a4 O-O 11. Kh1 Re8 12. fxe5 dxe5 13. Bg5 h6 14. Bh4 b6 15.
Qe2 Bb7 16. Bc4 Bb4 17. Bxf6 Nxf6 18. Nh4 Rec8 19. Bb3 Bxc3 20. Rxf6 gxf6 21.
Nf5 Kf8 22. Qg4 Bxe4 23. Qg7+ Ke8 24. Bxf7+ Qxf7 25. Nd6+ Ke7 26. Qxf7+ Kxd6
27. bxc3 Bxc2 28. Qxf6+ Kd7 29. Qf7+ Kd6 30. Qf2 Bd3 31. Qxb6+ Rc6 32. Qb4+ Ke6
33. Qg4+ Bf5 34. Qg7 Rxc3 35. Qxh6+ Kd5 36. Qd2+ Rd3 37. Qa5+ Ke6 38. Qb6+ Rd6
39. Qb3+ Kf6 40. Rf1 Rd4 41. Qf3 Rf4 42. Qc6+ 1-0

[Event "41 Abierto Ciudad de Sevilla 2016"]
[Site "Sevilla ESP"]
[Date "2016.01.11"]
[Round "4.11"]
[White "Peschardt, Soren"]
[Black "Hoffman, Alejandro"]
[Result "0-1"]
[WhiteElo "2025"]
[BlackElo "2476"]
[PlyCount "48"]
[EventDate "2016.01.08"]
[EventType "swiss"]
[EventRounds "9"]
[EventCountry "ESP"]
[Source "lmi"]
[SourceDate "2016.01.08"]

1. d4 c5 2. c3 Nf6 3. Nf3 e6 4. Bg5 d5 5. e3 h6 6. Bxf6 Qxf6 7. Ne5 a6 8. Nd2
Nd7 9. Ndf3 Bd6 10. Nxd7 Bxd7 11. Bd3 O-O 12. O-O Rfd8 13. Qe2 Bc6 14. Nd2 e5
15. dxe5 Qxe5 16. f4 Qe7 17. Rae1 Re8 18. c4 dxc4 19. Nxc4 Bc7 20. Qh5 Rad8 21.
Bb1 b5 22. Ne5 Bxe5 23. fxe5 Rd2 24. e4 Rxb2 0-1

[Event "41 Abierto Ciudad de Sevilla 2016"]
[Site "Sevilla ESP"]
[Date "2016.01.11"]
[Round "4.12"]
[White "Duran Cuevas, Andres Ignacio"]
[Black "Xu, Xiangyu"]
[Result "1/2-1/2"]
[WhiteElo "1904"]
[BlackElo "2466"]
[PlyCount "109"]
[EventDate "2016.01.08"]
[EventType "swiss"]
[EventRounds "9"]
[EventCountry "ESP"]
[Source "lmi"]
[SourceDate "2016.01.08"]

1. f4 Nf6 2. Nf3 d5 3. e3 g6 4. b3 Bg7 5. Bb2 O-O 6. c4 b6 7. cxd5 Nxd5 8. Bxg7
Kxg7 9. Qc2 c5 10. Bc4 Bb7 11. O-O Nd7 12. Nc3 N7f6 13. Nxd5 Bxd5 14. Rae1 Qd6
15. Ne5 Rad8 16. d3 Nd7 17. Bxd5 Qxd5 18. Nf3 Nf6 19. Ne5 Qb7 20. Qb2 Kg8 21.
f5 Rd6 22. e4 Rd4 23. fxg6 fxg6 24. Qf2 Nd7 25. Qg3 Rxf1+ 26. Rxf1 Qc7 27. Nxg6
Qxg3 28. Nxe7+ Kg7 29. Nf5+ Kg6 30. hxg3 Rxd3 31. Nh4+ Kg7 32. Nf3 Nf6 33. e5
Ng4 34. Re1 Kf8 35. Kf1 Ke7 36. Re4 h5 37. Ke2 Rd5 38. b4 cxb4 39. Rxb4 Nxe5
40. Ke3 Ng4+ 41. Ke2 Kd6 42. a4 Kc5 43. Rb5+ Kc6 44. Rb4 a6 45. Rc4+ Rc5 46.
Kd3 Nf2+ 47. Kd4 Rxc4+ 48. Kxc4 Ne4 49. g4 hxg4 50. Ne5+ Kd6 51. Nxg4 Nc5 52.
Kb4 Kd5 53. Ne3+ Kd4 54. Nc4 Nxa4 55. Nxb6 1/2-1/2

[Event "41 Abierto Ciudad de Sevilla 2016"]
[Site "Sevilla ESP"]
[Date "2016.01.11"]
[Round "4.13"]
[White "Callejas Rojas, Francisco Migu"]
[Black "Gutierrez Jimenez, Juan Manuel"]
[Result "0-1"]
[WhiteElo "2008"]
[BlackElo "2288"]
[PlyCount "103"]
[EventDate "2016.01.08"]
[EventType "swiss"]
[EventRounds "9"]
[EventCountry "ESP"]
[Source "lmi"]
[SourceDate "2016.01.08"]

1. d4 d6 2. c4 g6 3. Nc3 Bg7 4. e4 Nc6 5. Be3 e5 6. d5 Nd4 7. Nge2 Nxe2 8. Bxe2
f5 9. exf5 Bxf5 10. O-O Nf6 11. f3 O-O 12. Bd3 Qe7 13. Be4 h6 14. b4 a5 15. a3
Bxe4 16. Nxe4 Nxe4 17. fxe4 Rxf1+ 18. Qxf1 Qh4 19. Re1 axb4 20. Bf2 Qf4 21.
axb4 Qd2 22. b5 b6 23. h3 Ra2 24. Ra1 Rc2 25. Bh4 Qd4+ 26. Kh1 Qxe4 27. Bd8
Qxc4 28. Qxc4 Rxc4 29. Ra7 Rc1+ 30. Kh2 Rc5 31. Rxc7 Rxb5 32. Rd7 Rxd5 33. Bxb6
e4 34. Rd8+ Kf7 35. Rd7+ Kf8 36. Be3 Be5+ 37. Kg1 h5 38. Kf1 Ke8 39. Ra7 Rb5
40. Bg5 Kf8 41. Be7+ Kg8 42. Ra6 Rd5 43. Ra4 Kf7 44. Bg5 Bd4 45. Bh4 Ke6 46.
Ke2 Kf5 47. Ra8 Rb5 48. Rf8+ Ke6 49. Rg8 Rb2+ 50. Kf1 e3 51. Rxg6+ Ke5 52. Bf6+
0-1